Štipendiá z hľadiska dane z príjmov

Štipendiá sa poskytujú s cieľom podpory študentov. Z hľadiska dane z príjmov je dôležité, z akých zdrojov sú poskytované. To má následne vplyv na zdaniteľnosť tohto príjmu. Zamestnávateľov sa týkajú hlavne štipendiá v duálnom vzdelávaní a podnikové štipendiá pre študentov vysokých škôl. Jednotlivé d...

Ausführliche Beschreibung

Gespeichert in:
Bibliographische Detailangaben
1. Verfasser: Valterová, Ivana
Format: Buchkapitel
Sprache:Slowakisch
Schlagworte:
Tags: Tag hinzufügen
Keine Tags, Fügen Sie das erste Tag hinzu!

MARC

LEADER 00000naa a2200000 4500
001 0312075
005 20250904113907.1
041 0 |a slo 
044 |a SK 
245 1 0 |a Štipendiá z hľadiska dane z príjmov  |c Ivana Valterová 
520 |a Štipendiá sa poskytujú s cieľom podpory študentov. Z hľadiska dane z príjmov je dôležité, z akých zdrojov sú poskytované. To má následne vplyv na zdaniteľnosť tohto príjmu. Zamestnávateľov sa týkajú hlavne štipendiá v duálnom vzdelávaní a podnikové štipendiá pre študentov vysokých škôl. Jednotlivé druhy štipendií v závislosti od zdrojov, z ktorých sú poskytované a oslobodenie od dane so zameraním na štipenciá zo zdrojov zamestnávateľov. 
610 2 0 |a štipendiá 
610 2 0 |a študenti 
610 2 0 |a dane z príjmov 
610 2 0 |a zdaňovanie 
610 2 0 |a oslobodenie od daní 
610 2 0 |a legislatíva 
100 1 |a Valterová, Ivana